| 000 | 00703nam a2200241 i 4500 | ||
|---|---|---|---|
| 001 | 92729 | ||
| 003 | ES-MaACL | ||
| 005 | 20250819001126.0 | ||
| 007 | t| | ||
| 008 | 050421s1995 sp ||||1| spa d | ||
| 020 | _a84-89428-00-X | ||
| 080 | _a222.1.06 | ||
| 100 | 1 |
_aBloom, Harold. _929559 |
|
| 245 | 1 | 3 |
_aEl libro de J / _cHarold Bloom, David Rosenberg. |
| 250 | _a1ª ed. | ||
| 260 |
_aBarcelona : _bInterzona, _c1995. |
||
| 300 |
_a335 p. ; _c24 cm. |
||
| 630 | 0 | 4 |
_aBiblia. _pA. T.- _xCrítica e interpretación _9119250 |
| 700 | 1 |
_aRosenberg, David. _999722 |
|
| 730 | 0 |
_aBiblia. _pA. T. _lEspañol _9119256 |
|
| 852 |
_aES-MaACL _jE-11022 _bR.134801 |
||
| 999 |
_c92729 _d92729 |
||